|
|
|
|
| LEADER |
01193nam a2200325Ia 4500 |
| 001 |
EBC320629 |
| 003 |
MiAaPQ |
| 005 |
20200520144314.0 |
| 006 |
m o d | |
| 007 |
cr cn||||||||| |
| 008 |
000815s2007 enk s 000 0 eng d |
| 020 |
|
|
|z 9781846635885
|
| 035 |
|
|
|a (MiAaPQ)EBC320629
|
| 035 |
|
|
|a (Au-PeEL)EBL320629
|
| 035 |
|
|
|a (CaPaEBR)ebr10196412
|
| 035 |
|
|
|a (CaONFJC)MIL107890
|
| 035 |
|
|
|a (OCoLC)935265890
|
| 040 |
|
|
|a MiAaPQ
|c MiAaPQ
|d MiAaPQ
|
| 050 |
|
4 |
|a HC433
|b .S74 2007
|
| 245 |
0 |
0 |
|a Special e-book on India
|h [electronic resource] /
|c guest editor: Ananda Das Gupta.
|
| 260 |
|
|
|a Bradford, England :
|b Emerald Group Publishing,
|c c2007.
|
| 300 |
|
|
|a 211 p.
|
| 490 |
0 |
|
|a International Journal of Social Economics ;
|v 34, no. 9/10
|
| 533 |
|
|
|a Electronic reproduction. Ann Arbor, MI : ProQuest, 2015. Available via World Wide Web. Access may be limited to ProQuest affiliated libraries.
|
| 651 |
|
0 |
|a India
|x Economic policy.
|
| 651 |
|
0 |
|a India
|x Social policy.
|
| 655 |
|
4 |
|a Electronic books.
|
| 700 |
1 |
|
|a Gupta, Ananda Das.
|
| 710 |
2 |
|
|a ProQuest (Firm)
|
| 856 |
4 |
0 |
|u https://ebookcentral.proquest.com/lib/matrademy/detail.action?docID=320629
|z Click to View
|